000 00757nam a22001457a 4500
008 140822b xxu||||| |||| 00| 0 eng d
020 _a040609151X
050 _aKD277.7.L39(1885-1886 vol.16)
245 _aThe Law Reports (1885-1886 vol.16) Queen's Bench Division :Under the superintendence and control of the incorporated council of law reporting for England and wales. Supreme court of judicature cases determined in the queen's bench division and on appeal therefrom in the court of appeal, and decisions on crown cases reserved. /
_cEdited by: J. R. Bulwer.
260 _aLondon:
_bButterworth & Co. Ltd,
_c1886.
300 _axvii, 795p.:
_c24cm.
440 _pQueen's Bench Division
_vvol 16
800 _aBulwer, J. R,
_aStone, A. P.
942 _2lcc
_cBK
999 _c3703
_d11203